L'Egypte secrète ...
Main Author:
Other Authors:
Format: Book
Language:
French
English
Published:
Paris :
Payot,
1938.
Series:
Collection de documents et de temoignages pour servir a l'histoire de notre temps.
Subjects:
Tags: Add Tag
Call Number: DT55 .B822 1938
| LEADER | 00887namaa2200289 4500 | ||
|---|---|---|---|
| 001 | 18940 | ||
| 003 | OSt | ||
| 005 | 20260326141342.0 | ||
| 008 | 130303s1938 fr a 000 0 fre d | ||
| 040 | |c ARCE Library | ||
| 041 | 1 | |a fre |h eng | |
| 043 | |a f-ua--- | ||
| 050 | 4 | |a DT55 .B822 1938 | |
| 100 | 1 | |a Brunton, Paul, |d 1898-1981, |e author | |
| 240 | 1 | 2 | |a Search in secret Egypt. |l French |
| 245 | 1 | 2 | |a L'Egypte secrète ... |
| 264 | 1 | |a Paris : |b Payot, |c 1938. | |
| 300 | |a 285, [1] pages : |b illustrations ; |c 23 cm. | ||
| 490 | 0 | |a Collection de documents et de temoignages pour servir a l'histoire de notre temps. | |
| 500 | |a Translation of : A search in secret Egypt. | ||
| 650 | 0 | |a Magic, Egyptian. | |
| 651 | 0 | |a Egypt |x Description and travel. | |
| 651 | 0 | |a Egypt |x Religion. | |
| 700 | 1 | |a Marty, Jacques, |d 1883-, |9 35492 | |
| 901 | |a reviewed | ||
| 942 | |c BK |2 lcc | ||
| 999 | |c 15990 |d 15990 | ||
